[Event "?"]
[Site "Radebeul"]
[Date "2019.04.27"]
[Round "2.1"]
[White "Schmidt, Bodo"]
[Black "Esswein, Karlheinz"]
[Result "1-0"]
[BlackElo "2077"]
[BlackTeam "SK Ludwigshafen"]
[EventDate "2019.??.??"]
[PlyCount "0"]
[WhiteElo "2313"]
[WhiteTeam "SC Siegburg"]

1. d4 Nf6 2. Nf3 e6 3. e3 d5 4. c4 b6 5. b3 Bb7 6. Bd3 Nbd7 7. O-O Bd6 8. Bb2
O-O 9. Ne5 c5 10. Nd2 Qe7 11. Qc2 Rfd8 12. Nxd7 Rxd7 13. dxc5 bxc5 14. Bxf6
Qxf6 15. Bxh7+ Kh8 16. Bd3 g6 17. e4 Kg7 18. g3 Rh8 19. Rad1 Rdd8 20. exd5 exd5
21. cxd5 Bxd5 22. Be4 Be6 23. Nc4 Bxc4 24. Qxc4 Be7 25. Bd5 Rhf8 26. Rfe1 Rd7
27. Rd3 Qb6 28. Qg4 Rfd8 29. Red1 f5 30. Qf3 Bf6 31. h4 Bd4 32. Bc4 Qf6 33. Kg2
Qe5 34. Bb5 Re7 35. Bc6 a5 36. R3d2 Rc8 37. a3 Qc7 38. Bd5 Rb8 39. h5 Qe5 40.
hxg6 Kxg6 41. Rh1 Rh8 42. Rxh8 Qxh8 43. Bc4 Re1 44. Qc6+ Qf6 45. Qd5 Re8 46.
Bd3 Re5 47. Qf3 Kg7 48. Rd1 Qe6 49. Rh1 Qd5 50. Rh5 Qxf3+ 51. Kxf3 Kf6 52. Rh6+
Ke7 53. Kf4 Re1 54. Rh2 Ra1 55. Kxf5 Rxa3 56. Rh7+ Kd8 57. Bc4 Bxf2 58. g4 Ra1
59. g5 Rg1 60. g6 Bd4 61. Ra7 Bc3 62. Bf7 Kc8 63. Bd5 Kb8 64. Rb7+ Kc8 65. Rb5
Bd4 66. Rxa5 Kc7 67. Ra6 Kd7 68. Ke4 Re1+ 69. Kf4 Rg1 70. Bc4 Ke7 71. Bd3 Rg2
72. Ke4 Rg4+ 73. Kd5 Rg5+ 74. Kc4 Rg4 75. Kb5 Rg5 76. Bc4 Kf8 77. Bf7 Kg7 78.
Rc6 Rg3 79. Rd6 Rg5 80. Kc6 Rg4 81. Rd8 Rg1 82. b4 Rc1 83. b5 Bf6 84. Rg8+ Kh6
85. b6 Rb1 86. Re8  1-0

[Event "31. DSenEM2018-Gruppe-65"]
[Site "Radebeul"]
[Date "2019.04.27"]
[Round "2.2"]
[White "Bodach, Hans"]
[Black "Werner, Clemens"]
[Result "1/2-1/2"]
[BlackElo "2292"]
[BlackTeam "SK Ettlingen"]
[EventDate "2019.??.??"]
[PlyCount "0"]
[WhiteElo "2078"]
[WhiteTeam "SV Dresden-Leuben"]

1. e4 g6 2. d4 Bg7 3. Nc3 d6 4. Nf3 Nf6 5. Be2 O-O 6. O-O a6 7. e5 Nfd7 8. exd6
cxd6 9. Be3 Nf6 10. h3 e6 11. Qd2 Re8 12. Rad1 Nbd7 13. Rfe1 b5 14. a3 Bb7 15.
Bh6 Bh8 16. Ng5 Nb6 17. Bf3 Bxf3 18. Nxf3 Qc7 19. Ne4 Nc4 20. Qc1 Rac8 21. c3
a5 22. Nxf6+ Bxf6 23. Re2 Nb6 24. Qd2 Nd5 25. Ne1 Qb6 26. Nd3 Rc7 27. Qe1 Qc6
28. Nf4 Nxf4 29. Bxf4 Qd5 30. Qd2 Rec8 31. Qd3 Rb7 32. Qe4 Qxe4 33. Rxe4 d5 34.
Re3 b4 35. cxb4 axb4 36. Rb3 Rc4 37. Be3 Be7 38. Rdd3 Ra7 39. Kf1 f6 40. Ke1
Kf7 41. Bd2 bxa3 42. bxa3 Rc2 43. g4 h5 44. f3 Ra2 45. Bc1 Rh2 46. f4 Bd6 47.
Bd2 hxg4 48. hxg4 Rh4 49. Rh3 Rxh3 50. Rxh3 Rxa3 51. Rh7+ Kf8 52. Rd7 Be7 53.
f5 exf5  1/2-1/2

[Event "31. DSenEM2018-Gruppe-65"]
[Site "Radebeul"]
[Date "2019.04.27"]
[Round "2.3"]
[White "Kiefer, Gerhard"]
[Black "Molzahn, Norbert"]
[Result "1-0"]
[BlackElo "2068"]
[BlackTeam "SV Motor Hainichen"]
[EventDate "2019.??.??"]
[PlyCount "0"]
[WhiteElo "2279"]
[WhiteTeam "SC Emmendingen"]

1. e4 c5 2. Nf3 Nc6 3. d4 cxd4 4. Nxd4 g6 5. c4 Bg7 6. Be3 Nf6 7. Nc3 d6 8. Be2
O-O 9. O-O Bd7 10. f3 Qc8 11. Rc1 b6 12. Nd5 Qb7 13. Nb5 Rac8 14. Qd2 Rfe8 15.
Kh1 Ne5 16. Nd4 Nxd5 17. exd5 Rc7 18. b3 Rec8 19. a4 a5 20. h3 Be8 21. Rb1 Qa8
22. Bg5 Bf8 23. Qe3 Bd7 24. f4 f6 25. fxe5 dxe5 26. Nf3 fxg5 27. Nxe5 Bf5 28.
Bd3 e6 29. Bxf5 gxf5 30. Rbd1 Bc5 31. Qxg5+ Rg7 32. Qf6 Re8 33. Nf3 Rg6 34. Qh4
exd5 35. Rxd5 Qc8 36. Qf4 Re3 37. Nh4 Rge6 38. Qg5+ Kf7 39. Rfxf5+ Ke8 40. Qg8+
 1-0

[Event "31. DSenEM2018-Gruppe-65"]
[Site "Radebeul"]
[Date "2019.04.27"]
[Round "2.4"]
[White "Kreutzkamp, Hans-Rudolf"]
[Black "Khanukov, Boris"]
[Result "0-1"]
[BlackElo "2250"]
[BlackTeam "Bahn-SC Wuppertal"]
[EventDate "2019.??.??"]
[PlyCount "0"]
[WhiteElo "2068"]
[WhiteTeam "SK Union Eimsbuettel"]

1. e4 g6 2. d4 Bg7 3. c4 d6 4. Nc3 Nf6 5. h3 O-O 6. Nf3 Nbd7 7. Be3 e5 8. d5 Nc5
9. Nd2 a5 10. Be2 Ne8 11. g4 Kh8 12. Nf1 Bd7 13. Qd2 Qe7 14. O-O-O a4 15. h4 f5
16. Bg5 Bf6 17. Bh6 Bg7 18. Bg5 Qf7 19. gxf5 gxf5 20. Ng3 f4 21. Bh5 Qg8 22.
Nf5 Bxf5 23. exf5 Rxf5 24. Rdg1 Nf6 25. Qc2 Qc8 26. Bxf6 Rxf6 27. Bg4 Qf8 28.
Ne4 Nxe4 29. Qxe4 f3 30. Be6 Rf4 31. Qc2 Qf6 32. Rg3 Re8 33. Rhg1 Re7 34. Qxa4
e4 35. Qa8+ Qf8 36. Qxf8+ Rxf8 37. Rg4 Bh6+ 38. Kc2 Rg7 39. Rxg7 Bxg7 40. b3
Bd4 41. Rg4 Bxf2 42. Rxe4 Bc5 43. Bh3 f2 44. Bf1 Rf7 45. Kd2 Kg7 46. Ke2 Kg6
47. Bg2 Kf5 48. Kf1 Rg7 49. Re6 h5 50. Bh3+ Kf4 51. Bg2 Kg3 52. Be4 Kxh4 53.
Rg6 Rxg6 54. Bxg6 Kg4 55. Ke2 h4 56. Be4 Kg3 57. Kf1 Kf4 58. Bg2 Ke3 59. Bh3
Kd3 60. Bg2 Kc3 61. Ke2 Kb2 62. Kd3 Kxa2 63. Kc2 Ka3 64. Bh3 Kb4 65. Bf1 Be3
66. Kd3 Bf4 67. Kc2 Kc5 68. Kd3 b5 69. Bg2 Kb4 70. Bf1 Kxb3 71. cxb5 Bg3 72.
Bg2 Kb4 73. Ke2 Kxb5 74. Kf1 Kc5 75. Ke2 h3 76. Bh1 Kd4 77. Bf3 Ke5 78. Kf1 Kf4
79. Bh1 Bh4 80. Bf3 Kg3 81. Bh1 Bf6 82. Bf3 Bd4 83. Bh1 Bb6 84. Bf3 Kf4 85. Bh1
Ke5 86. Bf3 Be3 87. Bh1 Bb6 88. Bf3 Kf4 89. Bh1 h2 90. Bg2 Ke3 91. Bh1 Bd4 92.
Bg2 Be5 93. Bh1 Bg3 94. Bf3 c5  0-1

[Event "31. DSenEM2018-Gruppe-65"]
[Site "Radebeul"]
[Date "2019.04.27"]
[Round "2.5"]
[White "Postler, Reinhard"]
[Black "Eskandary, Jahya"]
[Result "1/2-1/2"]
[BlackElo "2062"]
[BlackTeam "SV Lok Dresden"]
[EventDate "2019.??.??"]
[PlyCount "0"]
[WhiteElo "2247"]
[WhiteTeam "TSG Oberschöneweide"]

1. e4 e5 2. Nf3 Nc6 3. Bb5 a6 4. Ba4 d6 5. c3 f5 6. exf5 Bxf5 7. O-O Bd3 8. Re1
Be7 9. Bc2 Bxc2 10. Qxc2 Nf6 11. d4 exd4 12. cxd4 Qd7 13. Nc3 O-O 14. d5 Nb4
15. Qd1 a5 16. a3 Na6 17. Qc2 Nc5 18. Be3 Ng4 19. Bxc5 dxc5 20. h3 Nh6 21. Ne5
Qf5 22. Qxf5 Nxf5 23. Nb5 Bd6 24. Nc4 b6 25. Re6 Rad8 26. Rae1 Rf6 27. Rxf6
gxf6 28. Re6 Kf7 29. Kf1 Kg6 30. Ncxd6 cxd6 31. g4 Nd4 32. Rxd6 Rxd6 33. Nxd6
f5 34. gxf5+ Nxf5 35. Nc4 b5 36. Nxa5 Nd6 37. Nc6 Kf5 38. b4 c4 39. Nd4+ Ke5
40. Nc2 Kxd5 41. Ke2 Ke4 42. f3+ Kf4 43. Kf2 Nf5 44. a4 bxa4 45. b5 Nd6 46. b6
Nb7 47. Na3 c3 48. Nc2 Nc5 49. Na3  1/2-1/2

[Event "31. DSenEM2018-Gruppe-65"]
[Site "Radebeul"]
[Date "2019.04.27"]
[Round "2.6"]
[White "Boeven, Manfred"]
[Black "Hess, Christian Mathias"]
[Result "0-1"]
[BlackElo "2246"]
[BlackTeam "FC ST.Pauli"]
[EventDate "2019.??.??"]
[PlyCount "0"]
[WhiteElo "2066"]
[WhiteTeam "SF Geilenkirchen"]

1. d4 Nf6 2. Nc3 d5 3. Bg5 e6 4. Nf3 Bb4 5. Qd3 c5 6. a3 Qa5 7. Bxf6 gxf6 8. Rb1
Bxc3+ 9. Qxc3 Qxc3+ 10. bxc3 Nd7 11. e3 Ke7 12. c4 dxc4 13. Bxc4 Nb6 14. Bd3 c4
15. Be2 Bd7 16. Nd2 Rac8 17. O-O Rc7 18. Rb4 Rhc8 19. Bf3 Ba4 20. c3 Bc2 21.
Rc1 Bd3 22. Be4 Bxe4 23. Nxe4 Nd5 24. Rb2 b6 25. Nd2 f5 26. g3 f6 27. Kf1 h5
28. Nf3 Kd6 29. Ke2 Rd8 30. Rd2 b5 31. Nh4 Rc6 32. f3 Ra6 33. e4 Ne7 34. Ra2
Kc6 35. Ke3 Rg8 36. Ng2 fxe4 37. fxe4 f5 38. Nf4 h4 39. gxh4 Rg4 40. exf5 exf5
41. Kf3 Nd5 42. Nxd5 Kxd5 43. Re1 Re4 44. Rb1 Rb6 45. Rg1 Rxh4 46. Rg5 Rh3+ 47.
Kf4 Rxc3 48. Rxf5+ Kxd4 49. h4 Rd3 50. Rf7 a5 51. Rc2 Rxa3  0-1

[Event "31. DSenEM2018-Gruppe-65"]
[Site "Radebeul"]
[Date "2019.04.27"]
[Round "2.7"]
[White "Ackermann, Hans Werner"]
[Black "Selig, Rainer"]
[Result "1-0"]
[BlackElo "2048"]
[BlackTeam "SpV Ebersbach/SA"]
[EventDate "2019.??.??"]
[PlyCount "0"]
[WhiteElo "2237"]
[WhiteTeam "SC Hansa Dortmund"]

1. Nf3 d5 2. c4 c6 3. e3 Nf6 4. Nc3 e6 5. d4 Nbd7 6. Bd3 Bd6 7. O-O O-O 8. e4
dxc4 9. Bxc4 e5 10. Bg5 Qe7 11. d5 Nb6 12. Bb3 Bg4 13. h3 Bd7 14. a4 a5 15. Nd2
h6 16. Be3 Bc5 17. Qe2 Rad8 18. Rfd1 Bc8 19. d6 Rxd6 20. Bxc5 Rxd2 21. Bxe7
Rxe2 22. Nxe2  1-0

[Event "31. DSenEM2018-Gruppe-65"]
[Site "Radebeul"]
[Date "2019.04.27"]
[Round "2.8"]
[White "Steingrobe, Udo"]
[Black "Juhnke, Juergen"]
[Result "0-1"]
[BlackElo "2230"]
[BlackTeam "HSK Lister Turm"]
[EventDate "2019.??.??"]
[PlyCount "0"]
[WhiteElo "2056"]
[WhiteTeam "Schachfüchse Kempen"]

1. d4 Nf6 2. c4 g6 3. Nc3 Bg7 4. e4 d6 5. Nf3 O-O 6. Be2 e5 7. O-O Na6 8. Be3
Ng4 9. Bg5 Qe8 10. h3 h6 11. Bc1 exd4 12. Nxd4 Nf6 13. Bf3 Nh7 14. Bf4 Ng5 15.
Be3 c6 16. Rc1 Nc5 17. Re1 a5 18. Rc2 Qe5 19. Nb3 Nxf3+ 20. Qxf3 Ne6 21. Rd2 a4
22. Nd4 Ng5 23. Qd1 Ne6 24. Nf3 Qa5 25. Rxd6 a3 26. Qc2 axb2 27. Rd3 Nc5 28.
Bxc5 Qxc5 29. Qxb2 Qxc4 30. Qd2 Ra3 31. Rc1 Kh7 32. e5 Be6 33. Rd4 Qa6 34. Rh4
Bxa2 35. Ne4 h5 36. Qg5 f5 37. Rxh5+ gxh5 38. Qxh5+ Bh6 39. Nfg5+ Kg7 40. Nd6
Bg8 41. Ndf7 Bxf7 42. Nxf7 c5  0-1

[Event "31. DSenEM2018-Gruppe-65"]
[Site "Radebeul"]
[Date "2019.04.27"]
[Round "2.9"]
[White "Westphal, Norbert"]
[Black "Hülsmann, Josef"]
[Result "0-1"]
[BlackElo "2215"]
[BlackTeam "Langenfelder SF"]
[EventDate "2019.??.??"]
[PlyCount "0"]
[WhiteElo "2048"]
[WhiteTeam "BSV Chemie Radebeul"]

1. d4 d5 2. c4 e6 3. g3 c6 4. Bg2 Nd7 5. cxd5 exd5 6. Nf3 Bd6 7. Nc3 Ngf6 8. Qc2
O-O 9. O-O Re8 10. Bg5 h6 11. Bd2 Nf8 12. Nh4 Ne6 13. e3 Ng5 14. f3 Bf8 15. Kh1
Be6 16. Ne2 Qc8 17. f4 Nge4 18. f5 Bd7 19. Nc3 Bd6 20. Nxe4 Nxe4 21. Bxe4 Rxe4
22. Rf3 Be7 23. Raf1 Bg5 24. Ng2 b6 25. h4 Bf6 26. Rf4 Qa6 27. Qb1 Rae8 28. g4
Rxf4 29. Rxf4 Qe2 30. Qe1 Qd3 31. Bc3 Re4 32. Kh2 Be7 33. Rxe4 Qxe4 34. Qg3 Bd8
35. Qd6 Qe8 36. Kg3 h5 37. Qe5 Qf8 38. a3 Be7 39. Bb4 c5 40. dxc5 bxc5 41. Qxd5
Bd6+ 42. Kh3 hxg4+ 43. Kxg4 cxb4 44. e4 bxa3 45. bxa3 Qe7 46. Nf4 Qe5 47. Qxe5
Bxe5 48. h5 Bd6 49. Nd5 Bxa3 50. h6 Bc6  0-1

[Event "31. DSenEM2018-Gruppe-65"]
[Site "Radebeul"]
[Date "2019.04.27"]
[Round "2.10"]
[White "Syré, Christian"]
[Black "Zunker, Reinhard"]
[Result "0-1"]
[BlackElo "2046"]
[BlackTeam "SV Hofheim"]
[EventDate "2019.??.??"]
[PlyCount "0"]
[WhiteElo "2210"]
[WhiteTeam "TSG Oberschöneweide"]

1. d4 Nf6 2. c4 e6 3. Nf3 d5 4. Nc3 c6 5. e3 Bd6 6. Qc2 Nbd7 7. Bd3 O-O 8. Bd2
e5 9. cxd5 cxd5 10. dxe5 Nxe5 11. Nb5 Bg4 12. Nxe5 Bxe5 13. h3 Bd7 14. Nd4 Bxd4
15. exd4 Re8+ 16. Be3 Qa5+ 17. Qd2 Qxd2+ 18. Kxd2 Ne4+ 19. Ke2 Rac8 20. Rhc1 f5
21. Rxc8 Rxc8 22. Rc1 Rxc1 23. Bxc1 Kf7 24. Bf4 Ke6 25. h4 a6 26. Be5 g6 27.
Ke3 Nf6 28. f3 Be8 29. b3 Bc6 30. a4 Nd7 31. Bc7 Nf8 32. g3 Kd7 33. Be5 Ne6 34.
g4 fxg4 35. fxg4 Ke7 36. g5 Be8 37. Bf6+ Kd6 38. Be5+ Ke7 39. Bf6+ Kd6 40. Bc2
Bf7 41. Bd3 Be8 42. Kd2 Kc7 43. Kc3 Kb6 44. Be5 Bf7 45. Bf1 Be8 46. Bh3 Bf7 47.
Kb4 a5+ 48. Kc3 Kc6 49. Bf1 Nc7 50. b4 b6 51. Bd3 Be8 52. Be2 Bd7 53. Bf3 Be6
54. Bg2 Bf7 55. Kb3 Be6 56. Bf3 Bf7 57. Be2 Be6 58. Bd3 Bf7 59. Bg3 Kb7 60. Be5
Kc6 61. Ka3 Kb7 62. Bf6 Ne6 63. Be5 Nc7 64. Bg7 Na6 65. Bb5 Nxb4 66. Kb3 Nc6
67. Kc3 Kc7 68. Bf6 Be6 69. Kd2 Bd7  0-1

[Event "31. DSenEM2018-Gruppe-65"]
[Site "Radebeul"]
[Date "2019.04.27"]
[Round "2.11"]
[White "Walther, Reinhard"]
[Black "Herbrechtsmeier, Christof"]
[Result "1/2-1/2"]
[Annotator "lenovo"]
[BlackElo "2204"]
[BlackTeam "SC Emmendingen"]
[EventDate "2019.??.??"]
[PlyCount "28"]
[WhiteElo "2042"]
[WhiteTeam "SK Herzogenaurach"]

1. d4 Nf6 2. Bg5 c5 3. d5 Ne4 4. Bf4 Qb6 5. Bc1 Qf6 6. Nf3 d6 7. e3 Bf5 8. Bd3
Nd7 9. Nbd2 Nxd2 10. Bxd2 Bxd3 11. cxd3 Qxb2 12. O-O b6 13. Qa4 b5 14. Qa6 b4 {
( = )}   1/2-1/2

[Event "31. DSenEM2018-Gruppe-65"]
[Site "Radebeul"]
[Date "2019.04.27"]
[Round "2.12"]
[White "Schumacher, Gottfried"]
[Black "Sand, Rolf"]
[Result "1/2-1/2"]
[Annotator "lenovo"]
[BlackElo "2024"]
[BlackTeam "SF Pfullingen"]
[EventDate "2019.??.??"]
[PlyCount "36"]
[WhiteElo "2202"]
[WhiteTeam "HTC Bad Neuenahr"]

1. Nf3 c5 2. c4 Nc6 3. Nc3 Nf6 4. g3 d5 5. cxd5 Nxd5 6. Bg2 Nc7 7. d3 e5 8. b3
Be7 9. Be3 Be6 10. Rc1 Rc8 11. Qd2 f6 12. O-O O-O 13. Ne1 Qd7 14. f4 b6 15. Nf3
exf4 16. Bxf4 Nd5 17. Nxd5 Bxd5 18. Qb2 Rfd8  1/2-1/2

[Event "31. DSenEM2018-Gruppe-65"]
[Site "Radebeul"]
[Date "2019.04.27"]
[Round "2.13"]
[White "Paus, Franz"]
[Black "Hassenrück, Helmut"]
[Result "1/2-1/2"]
[BlackElo "2199"]
[BlackTeam "SG-Gladbeck"]
[EventDate "2019.??.??"]
[PlyCount "67"]
[WhiteElo "2041"]
[WhiteTeam "Schachfüchse Kempen"]

1. d4 Nf6 2. Nf3 e6 3. c4 b6 4. g3 Ba6 5. Nbd2 Bb4 6. Qc2 Bb7 7. Bg2 c5 8. dxc5
Bxc5 9. O-O O-O 10. b3 d5 11. Bb2 Nbd7 12. cxd5 exd5 13. Rac1 Rc8 14. Qd1 Qe7
15. e3 Ba6 16. Re1 Ba3 17. Rxc8 Rxc8 18. Bxa3 Qxa3 19. Qb1 Nc5 20. Bf1 Bxf1 21.
Rxf1 Nce4 22. Nxe4 Nxe4 23. Qd3 Rc5 24. Qb1 g6 25. Qa1 Nc3 26. Nd4 Qxa2 27. Kg2
a5 28. Qe1 Ne4 29. Qb1 Qd2 30. Nf3 Qb4 31. Qd3 Rc3 32. Qxd5 Rxb3 33. Nd4 Nc5
34. Nxb3  1/2-1/2

[Event "31. DSenEM2018-Gruppe-65"]
[Site "Radebeul"]
[Date "2019.04.27"]
[Round "2.14"]
[White "Seidel, Arnold"]
[Black "Prüfer, Friedbert"]
[Result "1/2-1/2"]
[BlackElo "2196"]
[BlackTeam "TSG Taucha"]
[EventDate "2019.??.??"]
[PlyCount "85"]
[WhiteElo "2018"]
[WhiteTeam "Kali Wolmirstedt"]

1. e4 d6 2. d4 Nf6 3. Nc3 g6 4. f4 Bg7 5. Nf3 O-O 6. e5 dxe5 7. fxe5 Nd5 8. Nxd5
Qxd5 9. c4 Qe4+ 10. Qe2 Qxe2+ 11. Bxe2 c5 12. Bg5 cxd4 13. Bxe7 Re8 14. Bd6 Nc6
15. O-O-O Bf5 16. Bd3 Bxd3 17. Rxd3 Nxe5 18. Nxe5 Bxe5 19. Bxe5 Rxe5 20. Rxd4
Rc8 21. Rhd1 Kg7 22. b3 b5 23. Kd2 bxc4 24. Rxc4 Rce8 25. Kc2 Re2+ 26. Rd2 f5
27. Rc7+ R8e7 28. Rxe2 Rxc7+ 29. Kd3 Kf6 30. b4 g5 31. a4 f4 32. b5 Rd7+ 33.
Kc4 g4 34. a5 Kf5 35. b6 axb6 36. axb6 f3 37. Rb2 Ke4 38. gxf3+ gxf3 39. Kc5
Ke3 40. b7 Rxb7 41. Rxb7 f2 42. Rf7 Ke2 43. Re7+  1/2-1/2

[Event "31. DSenEM2018-Gruppe-65"]
[Site "Radebeul"]
[Date "2019.04.27"]
[Round "2.15"]
[White "Rahls, Peter"]
[Black "Biller, Helmut"]
[Result "1-0"]
[BlackElo "2010"]
[BlackTeam "SF Frankfurt"]
[EventDate "2019.??.??"]
[PlyCount "101"]
[WhiteElo "2193"]
[WhiteTeam "SK Zehlendorf"]

1. e4 e5 2. Nf3 Nc6 3. Bc4 Bc5 4. c3 Nf6 5. d3 d6 6. a4 a6 7. O-O O-O 8. Nbd2
Ba7 9. h3 Ne7 10. Re1 Ng6 11. Nf1 h6 12. Be3 c6 13. Bxa7 Rxa7 14. d4 Qc7 15. a5
Nf4 16. Ng3 Ra8 17. Nh4 g6 18. Ne2 Nxe2+ 19. Qxe2 Kg7 20. g4 Qe7 21. Ng2 g5 22.
Qf3 Ng8 23. Rad1 Qf6 24. Qg3 Ne7 25. Re3 Ng6 26. Rf3 Nf4 27. Nxf4 exf4 28. Qg2
Re8 29. Bd3 Re7 30. Bc2 Bd7 31. Re1 Rh8 32. Rd3 Bc8 33. f3 h5 34. Rdd1 hxg4 35.
hxg4 Qh6 36. Kf2 Qh4+ 37. Ke2 Qh2 38. Rg1 Qxg2+ 39. Rxg2 f6 40. Rf1 Kf8 41. Kd3
Kg7 42. Kc4 Bd7 43. Rff2 Be8 44. Rh2 Rxh2 45. Rxh2 Bg6 46. b4 Kg8 47. d5 Rh7
48. Rxh7 Kxh7 49. dxc6 bxc6 50. Kd4 Kg7 51. Bd3  1-0

[Event "31. DSenEM2018-Gruppe-65"]
[Site "Radebeul"]
[Date "2019.04.27"]
[Round "2.16"]
[White "Petzold, Hans"]
[Black "Baum, Bernd"]
[Result "0-1"]
[BlackElo "2183"]
[BlackTeam "SC Fulda"]
[EventDate "2019.??.??"]
[PlyCount "110"]
[WhiteElo "2017"]
[WhiteTeam "USV TU Dresden"]

1. e4 c5 2. Nc3 Nc6 3. g3 g6 4. Bg2 Bg7 5. Nge2 d6 6. O-O e6 7. d3 Nge7 8. Be3
Nd4 9. Qd2 O-O 10. Nd1 Rb8 11. c3 Nxe2+ 12. Qxe2 b6 13. f4 Ba6 14. Rc1 d5 15.
c4 Qd7 16. Bh3 f5 17. e5 Rfd8 18. Nf2 Bb7 19. Bg2 Bc6 20. Rfd1 Qb7 21. d4 cxd4
22. Rxd4 Bf8 23. Rcd1 Rdc8 24. Rc1 dxc4 25. Bxc6 Rxc6 26. Rdxc4 Rbc8 27. b3 Nd5
28. Bd4 Ba3 29. Rxc6 Rxc6 30. Rc4 Nb4 31. Bc3 Nd5 32. Bd4 Qa6 33. Kf1 Rxc4 34.
bxc4 Ne7 35. Qd3 Bb4 36. Qb3 Nc6 37. Bb2 Qc8 38. Nd3 Bf8 39. Bc3 Qd7 40. Ke2
Kf7 41. Qb2 Qc7 42. Qb5 Nb8 43. Bb4 a6 44. Bd6 Qxd6 45. exd6 axb5 46. Ne5+ Ke8
47. cxb5 Bxd6 48. Nc4 Bc5 49. h3 Nd7 50. a4 Nf6 51. a5 bxa5 52. Nxa5 Ne4 53.
Kf3 Nc3 54. Nb7 Bb4 55. b6 Nd5  0-1

[Event "31. DSenEM2018-Gruppe-65"]
[Site "Radebeul"]
[Date "2019.04.27"]
[Round "2.17"]
[White "Braun, Gottfried"]
[Black "Staub, Gerhard"]
[Result "1/2-1/2"]
[BlackElo "2010"]
[BlackTeam "SV Schwaikheim"]
[EventDate "2019.??.??"]
[PlyCount "112"]
[WhiteElo "2181"]
[WhiteTeam "SG Leipzig"]

1. e4 c5 2. c3 e6 3. Nf3 d5 4. exd5 exd5 5. d4 Nc6 6. Bb5 Bd6 7. dxc5 Bxc5 8.
Be3 Bxe3 9. Qe2 Qe7 10. Qxe3 Qxe3+ 11. fxe3 Ne7 12. O-O O-O 13. Nbd2 Bf5 14.
Nb3 a6 15. Be2 Bg6 16. Nfd4 Ne5 17. Nd2 Rac8 18. Rad1 Rfd8 19. N2b3 Nc4 20.
Bxc4 dxc4 21. Nc1 Nd5 22. Rde1 Re8 23. Rf3 Re7 24. h3 Rce8 25. Kf2 Be4 26. Rg3
Nf6 27. Kg1 Bd5 28. Nf5 g6 29. Nxe7+ Rxe7 30. h4 Nh5 31. Rg4 Be4 32. Ne2 f5 33.
Rg5 Bd3 34. Kf2 Re4 35. Ng3 Nxg3 36. Kxg3 Kf7 37. Kf2 Rxh4 38. Rg3 h5 39. Rh3
Re4 40. g3 Re5 41. Rd1 Ra5 42. a3 Rb5 43. Rd2 a5 44. Rh4 Be4 45. Ke1 Ke7 46.
Rhh2 Bd3 47. Rh4 Be4 48. Kd1 a4 49. Kc1 Re5 50. Rd1 b5 51. Rd4 Bf3 52. Kd2 Bg4
53. Rh1 Bf3 54. Rf1 Be4 55. Rf2 Re6 56. Rf4 Re5  1/2-1/2

[Event "31. DSenEM2018-Gruppe-65"]
[Site "Radebeul"]
[Date "2019.04.27"]
[Round "2.19"]
[White "Zschunke, Werner"]
[Black "Schmidt, Gerhard"]
[Result "0-1"]
[BlackElo "2172"]
[BlackTeam "SC Unterhaching"]
[EventDate "2019.??.??"]
[PlyCount "48"]
[WhiteElo "2002"]
[WhiteTeam "SK Schweinfurt"]

1. c4 e6 2. g3 d5 3. Bg2 Nf6 4. Nf3 Be7 5. O-O c6 6. d3 Nbd7 7. cxd5 exd5 8. b3
O-O 9. Bb2 Re8 10. Nbd2 b6 11. e4 dxe4 12. dxe4 Ba6 13. Re1 Nc5 14. Ne5 Nd3 15.
Nxd3 Bxd3 16. Bf1 Bxf1 17. Nxf1 Qxd1 18. Raxd1 Bb4 19. Nd2 Rad8 20. Bxf6 gxf6
21. Re2 Rd3 22. Kf1 Red8 23. Ke1 c5 24. f3 b5  0-1

[Event "31. DSenEM2018-Gruppe-65"]
[Site "Radebeul"]
[Date "2019.04.27"]
[Round "2.20"]
[White "Kahn, Peter"]
[Black "Böhm, Erwin"]
[Result "1/2-1/2"]
[Annotator "lenovo"]
[BlackElo "2155"]
[BlackTeam "SV Dresden-Leuben"]
[EventDate "2019.??.??"]
[PlyCount "81"]
[WhiteElo "1994"]
[WhiteTeam "Siebenlehner SV"]

1. d4 g6 2. e4 Bg7 3. c3 d5 4. Nd2 dxe4 5. Nxe4 e5 6. dxe5 Qxd1+ 7. Kxd1 Bxe5 8.
Nf3 Bg4 9. Be2 Nc6 10. Nxe5 Nxe5 11. Bxg4 Nxg4 12. h3 N4f6 13. Nxf6+ Nxf6 14.
Re1+ Kd7 15. Bg5 Nd5 16. Kc2 h6 17. Rad1 Kc6 18. Re5 hxg5 19. Rexd5 Rae8 20.
Rxg5 Re2+ 21. Rd2 Rxd2+ 22. Kxd2 Rd8+ 23. Kc2 Re8 24. f4 Re2+ 25. Kb3 Kd6 26.
f5 Re5 27. Kc4 gxf5 28. Kd3 Ke6 29. h4 Re1 30. g4 fxg4 31. Rxg4 f5 32. Rc4 c6
33. a4 Rb1 34. b4 Rh1 35. Ke3 Rh3+ 36. Kf2 Kd5 37. Kg2 Re3 38. Kf2 Rh3 39. Kg2
Re3 40. Rd4+ Ke6 41. Rc4 { ( = )}   1/2-1/2

[Event "31. DSenEM2018-Gruppe-65"]
[Site "Radebeul"]
[Date "2019.04.27"]
[Round "2.22"]
[White "Dobierzin, Olaf"]
[Black "Knaak, Joachim"]
[Result "1/2-1/2"]
[Annotator "lenovo"]
[BlackElo "2139"]
[BlackTeam "SV Dresden-Leuben"]
[EventDate "2019.??.??"]
[PlyCount "162"]
[WhiteElo "1992"]
[WhiteTeam "SG Leipzig"]

1. e4 c5 2. Nf3 e6 3. d4 cxd4 4. Nxd4 a6 5. Nc3 Qc7 6. Bd3 Nf6 7. O-O Nc6 8.
Nxc6 dxc6 9. f4 Bc5+ 10. Kh1 e5 11. f5 h5 12. Qf3 b5 13. Be3 Qa7 14. Bxc5 Qxc5
15. Rae1 Bb7 16. Nd1 Rd8 17. Nf2 O-O 18. c3 Rd6 19. Rd1 Rfd8 20. g3 Qb6 21. Qe2
c5 22. Bc2 c4 23. Rxd6 Rxd6 24. Rd1 Rxd1+ 25. Bxd1 Qc6 26. Bc2 Qd7 27. Kg1 { (
= )}  27... Bc6 28. h3 Qb7 29. Kh2 Qb6 30. Kg2 Qc5 31. Qd2 Kh7 32. a3 Qe7 33.
Kh2 Nd7 34. Kg2 Nc5 35. Qe3 Qd6 36. Qg5 Qh6 37. Qxh6+ Kxh6 38. Kf3 g6 39. fxg6
fxg6 40. h4 Bd7 41. Ke3 g5 42. Kf3 Be6 43. Kg2 Bc8 44. Kf3 Kg6 45. Ke3 Be6 46.
Kf3 Kh6 47. Ke3 Nd7 48. Kf3 Nf8 49. a4 Ng6 50. hxg5+ Kxg5 51. axb5 axb5 52. Ke3
Nf8 53. Kf3 Nd7 54. Bd1 Nf6 55. Ke3 Kg6 56. Be2 Kh6 57. Bd1 Kg5 58. Be2 Nd7 59.
Bd1 Nc5 60. Bc2 Bg4 61. Kd2 h4 62. gxh4+ Kxh4 63. Ke3 Kg3 64. Nh1+ Kg2 65. Nf2
Bh5 66. Bd1 Bxd1 67. Nxd1 Kf1 68. Nf2 Ke1 69. Ng4 Nd3 70. b3 Kd1 71. bxc4 bxc4
72. Nxe5 Nxe5 73. Kd4 Kc2 74. Kxe5 Kxc3 75. Kd5 Kb4 76. e5 c3 77. e6 c2 78. e7
c1=Q 79. e8=Q Qc4+ 80. Kd6 Qc5+ 81. Ke6 Qe3+  1/2-1/2

[Event "31. DSenEM2018-Gruppe-65"]
[Site "Radebeul"]
[Date "2019.04.27"]
[Round "2.23"]
[White "Lenk, Wolfgang"]
[Black "Orlova, Liubov"]
[Result "1/2-1/2"]
[BlackElo "1988"]
[BlackTeam "TSV IFA Chemnitz"]
[EventDate "2019.??.??"]
[PlyCount "66"]
[WhiteElo "2134"]
[WhiteTeam "USV TU Dresden"]

1. e4 c5 2. Nf3 Nc6 3. Nc3 g6 4. d4 cxd4 5. Nxd4 Bg7 6. Be3 d6 7. Bb5 Bd7 8. Qd2
Nf6 9. f3 Ne5 10. Be2 Qc8 11. O-O Nc4 12. Bxc4 Qxc4 13. b3 Qc8 14. a4 O-O 15.
Kh1 Bc6 16. Rad1 Rd8 17. Qf2 a6 18. Nce2 Be8 19. c4 e5 20. Nc2 d5 21. exd5 Nxd5
22. Ng3 Nxe3 23. Nxe3 b5 24. axb5 axb5 25. Ne4 bxc4 26. Nxc4 Rxd1 27. Rxd1 Qb7
28. Qc2 Qa6 29. h3 Rc8 30. Kh2 h6 31. Ned6 Rd8 32. Nxe8 Rxe8 33. Nd6 Re7 
1/2-1/2

[Event "31. DSenEM2018-Gruppe-65"]
[Site "Radebeul"]
[Date "2019.04.27"]
[Round "2.24"]
[White "Kracht, Helmut"]
[Black "Simon, Ralf-Axel"]
[Result "0-1"]
[BlackElo "2126"]
[BlackTeam "SK Ricklingen"]
[EventDate "2019.??.??"]
[PlyCount "40"]
[WhiteElo "1989"]
[WhiteTeam "SK Kaltenkirchen"]

1. d4 d5 2. Bf4 c5 3. e4 dxe4 4. d5 g6 5. Nc3 Nf6 6. Bb5+ Nbd7 7. Qe2 Bg7 8.
O-O-O O-O 9. Bxd7 Bxd7 10. Nxe4 Qa5 11. Kb1 Nxe4 12. Qxe4 Bf5 13. Qe2 Bxb2 14.
Kxb2 Qb4+ 15. Ka1 Qxf4 16. f3 Qa4 17. Rd2 Qa3 18. Qd1 Qc3+ 19. Kb1 Rad8 20. g4
Rd6  0-1